| 000 | 00505 a2200169 4500 | ||
|---|---|---|---|
| 999 |
_c26520 _d26520 |
||
| 008 | 230628b ||||| |||| 00| 0 eng d | ||
| 020 |
_a9781911328032 _cGBP110.00 |
||
| 041 | 0 | _aeng | |
| 082 | 0 | 0 |
_a387.5448 _bI17 |
| 110 |
_92796 _aInstitute of Chartered Shipbrokers |
||
| 245 | _aDry cargo chartering / | ||
| 250 | _a2017 ed. | ||
| 260 |
_aLondon: _bInstitute of Chartered Shipbrokers, _c2022. |
||
| 300 |
_ax, 319 p. : _billustrations (color) ; _c30 cm. |
||
| 650 | 0 | _aCharter Parties | |
| 942 |
_2ddc _cBK |
||